Manual del maderero en Filipinas (Record no. 167451)

MARC details
000 -LEADER
campo de control de longitud fija 00922nam a2200205 i 4500
001 - NÚMERO DE CONTROL
campo de control 167451
003 - IDENTIFICADOR DE NÚMERO DE CONTROL
campo de control ES-MaACL
005 - FECHA Y HORA DE LA ÚLTIMA TRANSACCIÓN
campo de control 20250809023253.0
008 - DATOS DE LONGITUD FIJA--INFORMACIÓN GENERAL
campo de control de longitud fija 981218s1877 phl |||| | spa d
040 ## - FUENTE DE CATALOGACIÓN
Centro catalogador/agencia de origen CCPB | B
Lengua de catalogación spa
Centro/agencia transcriptor CCPB | B
100 1# - ENTRADA PRINCIPAL--NOMBRE DE PERSONA
Nombre de persona Vidal y Soler, Domingo.
9 (RLIN) 133687
245 10 - MENCIÓN DEL TÍTULO
Título Manual del maderero en Filipinas
Resto del título : conteniendo la legislación vigente de Montes, algunas noticias sobre comercio de maderas, precios a que las vende el estado, formularios, y varias tablas de reducción y cubicación /
Mención de responsabilidad, etc. por Domingo vidal y Soler.
260 ## - PUBLICACIÓN, DISTRIBUCIÓN, ETC.
Lugar de publicación, distribución, etc. Manila :
Nombre del editor, distribuidor, etc. [s.n.],
Fecha de publicación, distribución, etc. 1877 (
Fabricante Imp. de la Revista Mercantil de J. de Loyzaga y C.ª)
300 ## - DESCRIPCIÓN FÍSICA
Extensión XIII, 389 p. ;
Dimensiones 20 cm.
650 #7 - PUNTO DE ACCESO ADICIONAL DE MATERIA--TÉRMINO DE MATERIA
Término de materia o nombre geográfico como elemento de entrada Derecho forestal-
Subdivisión geográfica Filipinas
Fuente del encabezamiento o término
9 (RLIN) 169615
650 #4 - PUNTO DE ACCESO ADICIONAL DE MATERIA--TÉRMINO DE MATERIA
Término de materia o nombre geográfico como elemento de entrada Madera-
Subdivisión general Cubicación.
9 (RLIN) 165631
650 #4 - PUNTO DE ACCESO ADICIONAL DE MATERIA--TÉRMINO DE MATERIA
Término de materia o nombre geográfico como elemento de entrada Madera-
Subdivisión general Comercio-
Subdivisión geográfica Filipinas.
9 (RLIN) 169616
852 ## - LOCALIZACIÓN
Ubicación ES-MaACL
Número de control de estantería G-13233
Nota libre -- Enc. pasta española
Holdings
Estatus retirado Estado de pérdida Estado de daño No para préstamo Colección Biblioteca de origen Biblioteca actual Ubicación en estantería Fecha de adquisición Fuente de adquisición Total de préstamos Signatura topográfica completa Código de barras Visto por última vez Precio de reemplazo Tipo de ítem Koha
        Libros del s. XIX Biblioteca del Ateneo de Madrid Biblioteca del Ateneo de Madrid Sala Pecera Planta 3 17/01/2008     G-13233 1175666 23/02/2023 23/02/2023 Libro impreso antiguo